000 01164cam a22002653a 4500
001 11603
003 PGUSA
005 20140828083238.0
008 040301s2004||||xxu|||||s|||||000 1 eng d
040 _aPGUSA
_beng
042 _adc
050 4 _aPR
100 1 _aGissing, George,
_d1857-1903
245 1 4 _aThe House of Cobwebs and other stories
_h[electronic resource] /
_cGeorge Gissing
260 _bProject Gutenberg,
_c2004
505 0 _aThe work of George Gissing : An introductory survey -- The house of cobwebs -- A capitalist -- Christopherson -- Humplebee -- The scrupulous father -- A poor gentleman -- Miss Rodney's leisure -- A charming family -- A daughter of the lodge -- The riding-whip -- Fate and the apothecary -- Topham's chance -- A lodger in maze pond -- The salt of the earth -- The pig and whistle.
506 _aPublic domain in the USA.
516 _aElectronic text
653 _aGreat Britain -- Social life and customs -- 19th century -- Fiction
653 _aShort stories
700 1 _aSeccombe, Thomas,
_d1866-1923
830 0 _aProject Gutenberg
_v11603
856 4 0 _uhttp://www.gutenberg.org/ebooks/11603
942 _cEB
999 _c240858
_d240858